Tribhuvan University Central Library

मनोक्रान्ति र विकाशानन्दः (Record no. 97792)

MARC details
000 -LEADER
fixed length control field 00781nam a22001937a 4500
008 - FIXED-LENGTH DATA ELEMENTS--GENERAL INFORMATION
fixed length control field 210120b xxu||||| |||| 00| 0 eng d
020 ## - INTERNATIONAL STANDARD BOOK NUMBER
International Standard Book Number 9789937532037
041 ## - LANGUAGE CODE
Language code of text/sound track or separate title Nep.
082 ## - DEWEY DECIMAL CLASSIFICATION NUMBER
Classification number N921/Du851m
100 ## - MAIN ENTRY--PERSONAL NAME
Personal name Dumre, Krishna Prasad.
241 ## - ROMANIZED TITLE (BK AM CF MP MU VM)
Romanized title Manokranti ra Bikasananda.(Dr.Yogi BIkasanandako jivani ktititwa abam manokranti aviyan.)
245 ## - TITLE STATEMENT
Title मनोक्रान्ति र विकाशानन्दः
Remainder of title डा. योगी विकाशनन्दको जीवनी, कृतित्व एवं मनोक्रान्ति अभियान
250 ## - EDITION STATEMENT
Edition statement 2nd.
260 ## - PUBLICATION, DISTRIBUTION, ETC.
Place of publication, distribution, etc. Kathmandu:
Name of publisher, distributor, etc. Reki Yog Prakashan,
Date of publication, distribution, etc. 2074.B.S.
300 ## - PHYSICAL DESCRIPTION
Extent 141p.
504 ## - BIBLIOGRAPHY, ETC. NOTE
Bibliography, etc. note Bibliography:p.141.
650 ## - SUBJECT ADDED ENTRY--TOPICAL TERM
Topical term or geographic name entry element Bikashananda-Biography
942 ## - ADDED ENTRY ELEMENTS (KOHA)
Source of classification or shelving scheme Dewey Decimal Classification
Koha item type ISBN
Holdings
Withdrawn status Lost status Source of classification or shelving scheme Damaged status Not for loan Home library Current library Date acquired Total Checkouts Full call number Barcode Date last seen Price effective from Koha item type
    Dewey Decimal Classification     Tribhuvan University Central Library Tribhuvan University Central Library 01/20/2021   N921/Du851m IS18069 01/20/2021 01/20/2021 ISBN
    Dewey Decimal Classification     Tribhuvan University Central Library Tribhuvan University Central Library 01/20/2021   N921/Du851m IS18070 01/20/2021 01/20/2021 ISBN